[Event "Titled Tuesday 2024.07.16 Early"]
[Site "chess.com INT"]
[Date "2024.07.16"]
[Round "2"]
[White "Antolak, Julia"]
[Black "Samsonkin, Artiom"]
[Result "1/2-1/2"]
[WhiteElo "2333"]
[BlackElo "2363"]
[WhiteFideId "-1"]
[WhiteFideId "-1"]
[PlyCount "177"]
[GameId "2130307541435765"]
[EventDate "2024.07.16"]
[EventType "swiss (blitz)"]
[EventRounds "11"]
[EventCountry "NET"]
[SourceTitle "The Week in Chess 1550"]
[Source "Mark Crowther"]
[SourceDate "2024.07.22"]
[SourceVersion "2"]
[SourceVersionDate "2024.07.24"]
[SourceQuality "2"]

1. d4 d5 2. c4 dxc4 3. e4 e5 4. Nf3 Nf6 5. Nc3 exd4 6. Nxd4 Bc5 7. Be3 Ng4 8. Nc2 Qxd1+ 9. Rxd1 Nxe3 10. Nxe3 Bxe3 11. fxe3 Be6 12. Nb5 Na6 13. Rd4 Ke7 14. Bxc4 c5 15. Bxe6 cxd4 16. Bd5 Nb4 17. exd4 Nxd5 18. exd5 Rhc8 19. Kd2 a6 20. Nc3 b5 21. a3 f5 22. Re1+ Kd7 23. Re5 g6 24. Re6 Re8 25. Rf6 Rf8 26. Re6 Rfe8 27. Rf6 Ke7 28. Rb6 Reb8 29. Rc6 Kd7 30. Rf6 a5 31. Rf7+ Kd6 32. Rf6+ Ke7 33. Re6+ Kd7 34. Rf6 Ke7 35. Re6+ Kf7 36. Rc6 b4 37. Na4 bxa3 38. bxa3 Rb3 39. Nc5 Rxa3 40. d6 Rd8 41. Rc7+ Kf6 42. Nb7 Ra2+ 43. Kd3 Rxd6 44. Nxd6 Rxg2 45. Rxh7 a4 46. Nc4 f4 47. d5 f3 48. Ke3 Rc2 49. Nd2 Rc3+ 50. Kf2 a3 51. Nxf3 a2 52. Ra7 Rc2+ 53. Kg3 Rc5 54. Ra6+ Kg7 55. d6 Rd5 56. Rxa2 Rxd6 57. h4 Rd5 58. Kg4 Kh6 59. Ra6 Rc5 60. Ra4 Rb5 61. Ng5 Rb1 62. Rf4 Rg1+ 63. Kf3 Rc1 64. Re4 Rc3+ 65. Kg4 Rc1 66. Nf3 Rc3 67. Re6 Rc4+ 68. Kg3 Rc3 69. Kg2 Rc2+ 70. Kh3 Rc3 71. Kg4 Rc4+ 72. Kg3 Rc3 73. Kf4 Rc4+ 74. Re4 Rc3 75. Rd4 Rc1 76. Rd6 Rc4+ 77. Ke3 Rc3+ 78. Ke4 Rc4+ 79. Nd4 Rc1 80. Nf5+ Kh5 81. Ne3 Rh1 82. Kf3 Rxh4 83. Ng2 Ra4 84. Nf4+ Kg5 85. Rxg6+ Kf5 86. Rb6 Ra3+ 87. Ke2 Kxf4 88. Rb4+ Ke5 89. Rb2 1/2-1/2

[Event "Titled Tuesday 2024.07.16 Early"]
[Site "chess.com INT"]
[Date "2024.07.16"]
[Round "4"]
[White "Bhagat, Kush"]
[Black "Samsonkin, Artiom"]
[Result "0-1"]
[WhiteElo "2188"]
[BlackElo "2363"]
[WhiteFideId "-1"]
[WhiteFideId "-1"]
[PlyCount "66"]
[GameId "2130307541444143"]
[EventDate "2024.07.16"]
[EventType "swiss (blitz)"]
[EventRounds "11"]
[EventCountry "NET"]
[SourceTitle "The Week in Chess 1550"]
[Source "Mark Crowther"]
[SourceDate "2024.07.22"]
[SourceVersion "2"]
[SourceVersionDate "2024.07.24"]
[SourceQuality "2"]

1. d4 d5 2. Bf4 Nf6 3. e3 c5 4. Nf3 Nc6 5. Nbd2 e6 6. c3 cxd4 7. exd4 Nh5 8. Be3 Bd6 9. Ne5 g6 10. Nxc6 bxc6 11. g3 O-O 12. Bg2 f5 13. f4 Ba6 14. Nf3 Rb8 15. Qd2 Nf6 16. Ne5 Bxe5 17. fxe5 Ne4 18. Bxe4 fxe4 19. h4 Rf3 20. h5 gxh5 21. O-O-O Qa5 22. Bh6 e3 23. Bxe3 Qxa2 24. Qc2 Rxe3 25. Rxh5 Qa1+ 26. Qb1 Qxb1+ 27. Kxb1 Be2 28. Rg5+ Kh8 29. Rh1 Rxc3 30. Rh6 Bd3+ 31. Ka2 Rc2 32. Rxe6 Rcxb2+ 33. Ka3 R2b6 0-1

[Event "Titled Tuesday 2024.07.16 Early"]
[Site "chess.com INT"]
[Date "2024.07.16"]
[Round "6"]
[White "Samsonkin, Artiom"]
[Black "Dubov, Daniil"]
[Result "0-1"]
[WhiteElo "2363"]
[BlackElo "2701"]
[WhiteFideId "-1"]
[WhiteFideId "-1"]
[PlyCount "58"]
[GameId "2130307541452551"]
[EventDate "2024.07.16"]
[EventType "swiss (blitz)"]
[EventRounds "11"]
[EventCountry "NET"]
[SourceTitle "The Week in Chess 1550"]
[Source "Mark Crowther"]
[SourceDate "2024.07.22"]
[SourceVersion "2"]
[SourceVersionDate "2024.07.24"]
[SourceQuality "2"]

1. e4 e5 2. Nf3 Nc6 3. d4 exd4 4. Bc4 Nf6 5. e5 d5 6. Bb5 Ne4 7. Nxd4 Bd7 8. Bxc6 bxc6 9. O-O Be7 10. f3 Nc5 11. f4 Ne4 12. Nc3 Nxc3 13. bxc3 c5 14. Ne2 Bc6 15. f5 d4 16. c4 Bg5 17. Nf4 O-O 18. Qg4 Bxf4 19. Bxf4 d3 20. c3 Kh8 21. f6 gxf6 22. Qf5 Rg8 23. Rf2 Rg6 24. Bg3 Qg8 25. Qxd3 Rd8 26. Qf5 Bd7 27. Qf4 Bc6 28. Re1 Re8 29. Rfe2 f5 0-1

[Event "Titled Tuesday 2024.07.16 Early"]
[Site "chess.com INT"]
[Date "2024.07.16"]
[Round "7"]
[White "Kurmangaliyeva, Liya"]
[Black "Samsonkin, Artiom"]
[Result "0-1"]
[WhiteElo "2230"]
[BlackElo "2363"]
[WhiteFideId "-1"]
[WhiteFideId "-1"]
[PlyCount "74"]
[GameId "2130307541456699"]
[EventDate "2024.07.16"]
[EventType "swiss (blitz)"]
[EventRounds "11"]
[EventCountry "NET"]
[SourceTitle "The Week in Chess 1550"]
[Source "Mark Crowther"]
[SourceDate "2024.07.22"]
[SourceVersion "2"]
[SourceVersionDate "2024.07.24"]
[SourceQuality "2"]

1. e4 e6 2. d4 d5 3. e5 c5 4. c3 Nc6 5. Nf3 Qb6 6. Bd3 Bd7 7. O-O cxd4 8. Re1 Nge7 9. h4 h5 10. Nbd2 dxc3 11. bxc3 Nf5 12. Rb1 Qa5 13. c4 Bb4 14. cxd5 Qxd5 15. Be4 Qc5 16. a3 Bc3 17. Rxb7 Rd8 18. Nb3 Qc4 19. Bd3 Qg4 20. Re4 Qg6 21. Bb5 Nfe7 22. Qe2 O-O 23. Rc4 Ba5 24. Rxd7 Rxd7 25. Bxc6 Nxc6 26. Rxc6 Bb6 27. Bg5 Qb1+ 28. Nc1 Qa1 29. Kh2 Qxa3 30. Qe4 Qa1 31. Qf4 Rd1 32. Ne2 Bxf2 33. Nfg1 Bxg1+ 34. Nxg1 Rxg1 35. Rc4 Rh1+ 36. Kg3 Qe1+ 37. Kf3 Rf1# 0-1

[Event "Titled Tuesday 2024.07.16 Early"]
[Site "chess.com INT"]
[Date "2024.07.16"]
[Round "8"]
[White "Samsonkin, Artiom"]
[Black "Marn, Jan"]
[Result "1-0"]
[WhiteElo "2363"]
[BlackElo "2353"]
[WhiteFideId "-1"]
[WhiteFideId "-1"]
[PlyCount "71"]
[GameId "2130307541460881"]
[EventDate "2024.07.16"]
[EventType "swiss (blitz)"]
[EventRounds "11"]
[EventCountry "NET"]
[SourceTitle "The Week in Chess 1550"]
[Source "Mark Crowther"]
[SourceDate "2024.07.22"]
[SourceVersion "2"]
[SourceVersionDate "2024.07.24"]
[SourceQuality "2"]

1. e4 e5 2. Nf3 Nc6 3. Bc4 Bc5 4. c3 Nf6 5. d4 exd4 6. b4 Bb6 7. e5 d5 8. exf6 dxc4 9. b5 Nb4 10. Qe2+ Be6 11. cxb4 Qxf6 12. Bg5 Qg6 13. O-O O-O 14. Nbd2 h6 15. Bf4 d3 16. Qe5 Rad8 17. Qc3 Qg4 18. Be3 Bd5 19. a4 Rfe8 20. Rae1 Re6 21. h3 Qh5 22. Bxb6 Rxb6 23. Re5 f5 24. Rxd5 Rxd5 25. Nxc4 Re6 26. Ne3 Rd7 27. Qc4 Qf7 28. Rd1 f4 29. Nf1 Red6 30. Qe4 Qd5 31. Qxf4 Qb3 32. Re1 d2 33. Re8+ Kh7 34. N1xd2 Rxd2 35. Nxd2 Qd1+ 36. Nf1 1-0

[Event "Titled Tuesday 2024.07.16 Early"]
[Site "chess.com INT"]
[Date "2024.07.16"]
[Round "9"]
[White "Durarbayli, Vasif"]
[Black "Samsonkin, Artiom"]
[Result "0-1"]
[WhiteElo "2628"]
[BlackElo "2363"]
[WhiteFideId "-1"]
[WhiteFideId "-1"]
[PlyCount "136"]
[GameId "2130307541460911"]
[EventDate "2024.07.16"]
[EventType "swiss (blitz)"]
[EventRounds "11"]
[EventCountry "NET"]
[SourceTitle "The Week in Chess 1550"]
[Source "Mark Crowther"]
[SourceDate "2024.07.22"]
[SourceVersion "2"]
[SourceVersionDate "2024.07.24"]
[SourceQuality "2"]

1. e4 c5 2. Nf3 e6 3. d4 cxd4 4. Nxd4 a6 5. c4 Nf6 6. Nc3 Bb4 7. Be2 Nxe4 8. Qd3 Nxc3 9. bxc3 Be7 10. O-O O-O 11. Rb1 Nc6 12. Rd1 d6 13. Bf3 Ne5 14. Qe2 Qc7 15. Be4 Qxc4 16. Qc2 Ng6 17. Bxb7 Bxb7 18. Rxb7 Rac8 19. Ra7 Bf6 20. Be3 Ra8 21. Rd7 Rfd8 22. Rxd8+ Rxd8 23. Qb2 h5 24. h3 h4 25. Rc1 Ne5 26. Rd1 Rc8 27. Qb7 Rc7 28. Qa8+ Kh7 29. Qe4+ Ng6 30. Qa8 Qxa2 31. Nf3 Qa4 32. Rd4 Qc6 33. Qb8 Rb7 34. Qxd6 Rb1+ 35. Kh2 Qxf3 36. gxf3 Be5+ 37. Qxe5 Nxe5 38. Rxh4+ Kg8 39. Kg2 Ra1 40. Rb4 a5 41. Rb8+ Kh7 42. Ra8 a4 43. Bc5 Nc4 44. Ra7 Kg6 45. h4 a3 46. h5+ Kxh5 47. Rxf7 Kg6 48. Ra7 a2 49. Ra4 Nb2 50. Ra6 Nd3 51. Bd4 Nc1 52. c4 Rb1 53. Rxe6+ Kf7 54. Ra6 Nb3 55. Ra7+ Ke6 56. Bxg7 a1=Q 57. Bxa1 Nxa1 58. f4 Nb3 59. Kf3 Nc5 60. Ra5 Rb3+ 61. Kg4 Nd3 62. Ra6+ Kf7 63. f3 Nf2+ 64. Kg3 Ne4+ 65. Kg4 Nd2 66. c5 Rc3 67. Rc6 Nxf3 68. f5 Ne5+ 0-1

[Event "Titled Tuesday 2024.07.16 Early"]
[Site "chess.com INT"]
[Date "2024.07.16"]
[Round "11"]
[White "Samsonkin, Artiom"]
[Black "Dilmukhametov, Artur"]
[Result "1-0"]
[WhiteElo "2363"]
[BlackElo "2276"]
[WhiteFideId "-1"]
[WhiteFideId "-1"]
[PlyCount "117"]
[GameId "2130307541465155"]
[EventDate "2024.07.16"]
[EventType "swiss (blitz)"]
[EventRounds "11"]
[EventCountry "NET"]
[SourceTitle "The Week in Chess 1550"]
[Source "Mark Crowther"]
[SourceDate "2024.07.22"]
[SourceVersion "2"]
[SourceVersionDate "2024.07.24"]
[SourceQuality "2"]

1. e4 e6 2. d4 d5 3. Nd2 Nf6 4. Bd3 c5 5. exd5 exd5 6. dxc5 Bxc5 7. Ngf3 O-O 8. O-O h6 9. h3 Nc6 10. Nb3 Bb6 11. Re1 a5 12. Be3 a4 13. Nbd4 Bd7 14. c3 Ne4 15. Qc2 Nxd4 16. Bxd4 Bxd4 17. Nxd4 Nf6 18. a3 Qb6 19. Re3 Rfe8 20. Rae1 Rxe3 21. Rxe3 Re8 22. Rxe8+ Bxe8 23. Qe2 Kf8 24. Nf5 Qe6 25. Qd2 Qe5 26. Nd4 Bd7 27. Nf3 Qd6 28. Qe3 b6 29. Ne5 Be8 30. Qd4 Qc5 31. Qf4 Bb5 32. Bc2 Be8 33. Bxa4 Bxa4 34. Qxa4 Kg8 35. Qb4 Qc7 36. Qd4 Qe7 37. f3 Qe6 38. a4 Ne8 39. b4 Nd6 40. a5 bxa5 41. bxa5 Nb5 42. Qd3 Qxe5 43. Qxb5 Qxc3 44. Qxd5 Qc1+ 45. Kh2 Qf4+ 46. Kg1 Qc1+ 47. Kf2 Qc2+ 48. Kg3 Qc7+ 49. f4 Qc3+ 50. Kh2 Qc7 51. Qe5 Qa7 52. Qe8+ Kh7 53. Qe4+ g6 54. Qb4 Qc7 55. Qa4 g5 56. a6 gxf4 57. a7 f3+ 58. g3 Qe5 59. Qc2+ 1-0

[Event "Candidates Rapid"]
[Site "Toronto CAN"]
[Date "2024.04.16"]
[Round "1.5"]
[White "Bakradze, Joshua"]
[Black "Samsonkin, Artiom"]
[Result "0-1"]
[WhiteElo "1492"]
[BlackElo "2363"]
[WhiteFideId "-1"]
[WhiteFideId "-1"]
[PlyCount "24"]
[GameId "2160767905997758"]
[EventDate "2024.04.16"]
[EventType "swiss (rapid)"]
[EventRounds "6"]
[EventCountry "CAN"]
[SourceTitle "The Week in Chess 1569"]
[Source "Mark Crowther"]
[SourceDate "2024.12.02"]
[SourceVersion "1"]
[SourceVersionDate "2024.12.02"]
[SourceQuality "2"]

1. c4 Nf6 2. g3 e5 3. Bg2 c6 4. Nc3 d5 5. cxd5 cxd5 6. d3 d4 7. Ne4 Nxe4 8. Bxe4 Be7 9. Nf3 f5 10. Qa4+ Bd7 11. Qb3 fxe4 12. Nxe5 Qa5+ 0-1

[Event "Candidates Rapid"]
[Site "Toronto CAN"]
[Date "2024.04.16"]
[Round "2.5"]
[White "Samsonkin, Artiom"]
[Black "Guo, Anni"]
[Result "1-0"]
[WhiteElo "2363"]
[BlackElo "1787"]
[WhiteFideId "-1"]
[WhiteFideId "-1"]
[PlyCount "31"]
[GameId "2160767905997764"]
[EventDate "2024.04.16"]
[EventType "swiss (rapid)"]
[EventRounds "6"]
[EventCountry "CAN"]
[SourceTitle "The Week in Chess 1569"]
[Source "Mark Crowther"]
[SourceDate "2024.12.02"]
[SourceVersion "1"]
[SourceVersionDate "2024.12.02"]
[SourceQuality "2"]

1. e4 d6 2. d4 g6 3. Nc3 Bg7 4. f4 Nd7 5. Nf3 e6 6. Bd3 Ne7 7. f5 exf5 8. exf5 Nf6 9. fxg6 hxg6 10. O-O O-O 11. Bg5 Bf5 12. Bxf5 Nxf5 13. Nh4 Nxh4 14. Bxh4 Re8 15. Qf3 Re6 16. d5 1-0

[Event "Candidates Rapid"]
[Site "Toronto CAN"]
[Date "2024.04.16"]
[Round "3.5"]
[White "Fernandez, Joh"]
[Black "Samsonkin, Artiom"]
[Result "0-1"]
[WhiteElo "2137"]
[BlackElo "2363"]
[WhiteFideId "-1"]
[WhiteFideId "-1"]
[PlyCount "46"]
[GameId "2160767905997771"]
[EventDate "2024.04.16"]
[EventType "swiss (rapid)"]
[EventRounds "6"]
[EventCountry "CAN"]
[SourceTitle "The Week in Chess 1569"]
[Source "Mark Crowther"]
[SourceDate "2024.12.02"]
[SourceVersion "1"]
[SourceVersionDate "2024.12.02"]
[SourceQuality "2"]

1. e4 c6 2. d4 d5 3. e5 c5 4. dxc5 e6 5. a3 Bxc5 6. b4 Be7 7. Nf3 a5 8. b5 f6 9. Bb2 Nd7 10. Bd3 Nh6 11. O-O Nf7 12. Re1 fxe5 13. Nxe5 Ndxe5 14. Rxe5 Bf6 15. f4 g6 16. Qg4 Bxe5 17. fxe5 Qg5 18. Qd4 Bd7 19. Nd2 Qxd2 20. Rf1 Qg5 21. Qb6 O-O 22. Qxb7 Qe3+ 23. Kh1 Ra7 0-1

[Event "Candidates Rapid"]
[Site "Toronto CAN"]
[Date "2024.04.16"]
[Round "5.4"]
[White "Samsonkin, Artiom"]
[Black "Kamath, Su"]
[Result "1-0"]
[WhiteElo "2363"]
[BlackElo "2159"]
[WhiteFideId "-1"]
[WhiteFideId "-1"]
[PlyCount "35"]
[GameId "2160767905997777"]
[EventDate "2024.04.16"]
[EventType "swiss (rapid)"]
[EventRounds "6"]
[EventCountry "CAN"]
[SourceTitle "The Week in Chess 1569"]
[Source "Mark Crowther"]
[SourceDate "2024.12.02"]
[SourceVersion "1"]
[SourceVersionDate "2024.12.02"]
[SourceQuality "2"]

1. e4 d6 2. d4 g6 3. Nc3 Nf6 4. f4 Bg7 5. Nf3 O-O 6. Bd3 c5 7. dxc5 dxc5 8. e5 Nd5 9. Nxd5 Qxd5 10. Qe2 Be6 11. Be4 Qd7 12. Be3 Na6 13. O-O Rad8 14. c3 Bd5 15. Rfd1 Qc6 16. Rxd5 Rxd5 17. c4 Rd2 18. Nxd2 1-0

[Event "Candidates Rapid"]
[Site "Toronto CAN"]
[Date "2024.04.16"]
[Round "6.3"]
[White "Samsonkin, Artiom"]
[Black "Mendes, Aaron Reeve"]
[Result "1-0"]
[WhiteElo "2363"]
[BlackElo "2320"]
[WhiteFideId "-1"]
[WhiteFideId "-1"]
[PlyCount "65"]
[GameId "2160767905997783"]
[EventDate "2024.04.16"]
[EventType "swiss (rapid)"]
[EventRounds "6"]
[EventCountry "CAN"]
[SourceTitle "The Week in Chess 1569"]
[Source "Mark Crowther"]
[SourceDate "2024.12.02"]
[SourceVersion "1"]
[SourceVersionDate "2024.12.02"]
[SourceQuality "2"]

1. e4 c5 2. Nf3 d6 3. d4 cxd4 4. Qxd4 Nc6 5. Qe3 Nf6 6. Be2 Bg4 7. O-O g6 8. c4 Bg7 9. Nc3 O-O 10. Rb1 Bxf3 11. Bxf3 Nd7 12. Rd1 Nde5 13. Be2 Rc8 14. b3 f5 15. exf5 gxf5 16. Nd5 e6 17. Nf4 Qe7 18. Nh5 Rcd8 19. Nxg7 Kxg7 20. f4 Ng6 21. Bb2+ e5 22. c5 dxc5 23. fxe5 Ncxe5 24. Re1 f4 25. Qc3 Qg5 26. Bf3 Rd4 27. Kh1 Kh6 28. Qxc5 Nxf3 29. Bxd4 Nxe1 30. Bg7+ Kh5 31. Bxf8 Nd3 32. Qxg5+ Kxg5 33. Bg7 1-0

[Event "Maplewood inv."]
[Site "Waterloo CAN"]
[Date "2022.11.16"]
[Round "4"]
[White "Kantans, Toms"]
[Black "Samsonkin, Artiom"]
[Result "1/2-1/2"]
[WhiteElo "2517"]
[BlackElo "2421"]
[WhiteFideId "-1"]
[WhiteFideId "-1"]
[PlyCount "73"]
[GameId "2160767907317961"]
[EventDate "2022.11.14"]
[EventType "tourn"]
[EventRounds "9"]
[EventCountry "CAN"]
[SourceTitle "CBM 211 Extra"]
[Source "ChessBase"]
[SourceDate "2023.01.31"]
[SourceVersion "1"]
[SourceVersionDate "2023.01.31"]
[SourceQuality "1"]

1. e4 c6 2. d4 d5 3. e5 Bf5 4. g4 Bd7 5. c4 e6 6. Nc3 c5 7. Nge2 Nc6 8. Bg2 cxd4 9. Nxd4 dxc4 10. Nxc6 Bxc6 11. Bxc6+ bxc6 12. Qa4 Qc7 13. O-O h5 14. g5 Ne7 15. Qxc4 Nd5 16. Bd2 Be7 17. Ne4 O-O 18. Rfe1 Rfd8 19. Rac1 Rab8 20. b3 Bb4 21. Bxb4 Rxb4 22. Qxc6 Qe7 23. Rc4 Nf4 24. Kf1 Rxc4 25. bxc4 Qa3 26. Nd6 Qh3+ 27. Kg1 Qg4+ 28. Kf1 Qh3+ 29. Kg1 Qg4+ 30. Kf1 Nd3 31. Re2 Rb8 32. Nb5 a6 33. Nc3 Qh3+ 34. Kg1 Qg4+ 35. Kf1 Qh3+ 36. Kg1 Qg4+ 37. Kf1 1/2-1/2

[Event "Moscow Aeroflot op-B 18th"]
[Site "Moscow"]
[Date "2019.02.24"]
[Round "5"]
[White "Shyam, Sundar M"]
[Black "Samsonkin, Artiom"]
[Result "1-0"]
[WhiteElo "2512"]
[BlackElo "2419"]
[WhiteFideId "-1"]
[WhiteFideId "-1"]
[PlyCount "81"]
[GameId "1360009189658624"]
[EventDate "2019.02.20"]
[EventType "swiss"]
[EventRounds "9"]
[EventCountry "RUS"]
[SourceTitle "CBM 189 Extra"]
[Source "ChessBase"]
[SourceDate "2019.05.31"]
[SourceVersion "1"]
[SourceVersionDate "2019.05.31"]
[SourceQuality "1"]

1. e4 c5 2. Nf3 d6 3. d4 cxd4 4. Nxd4 Nf6 5. Nc3 a6 6. Be3 e5 7. Nb3 Be6 8. Qd2 Be7 9. O-O-O Nbd7 10. f3 b5 11. a3 Rc8 12. g4 Nb6 13. g5 Nh5 14. Na5 O-O 15. Kb1 Qc7 16. Nd5 Nxd5 17. exd5 Bxd5 18. Qxd5 Qxa5 19. Bd3 g6 20. Rhg1 Nf4 21. Bxf4 exf4 22. h4 Rc5 23. Qe4 Re5 24. Qxf4 Qa4 25. Qxa4 bxa4 26. Bxa6 Rb8 27. Rg4 Ra5 28. Be2 d5 29. Ka2 Bf8 30. c3 Bg7 31. Rb4 Re8 32. Bb5 Rc8 33. Rxd5 Rb8 34. Bc4 Rba8 35. Rb7 R5a7 36. Rdd7 Rxb7 37. Bxf7+ Kh8 38. Rxb7 Be5 39. Rb4 Bg3 40. h5 Kg7 41. Rb7 1-0

[Event "Moscow Aeroflot op-B 18th"]
[Site "Moscow"]
[Date "2019.02.24"]
[Round "6"]
[White "Samsonkin, Artiom"]
[Black "Bocharov, Dmitry"]
[Result "1/2-1/2"]
[WhiteElo "2419"]
[BlackElo "2540"]
[WhiteFideId "-1"]
[WhiteFideId "-1"]
[PlyCount "81"]
[GameId "1360009189937152"]
[EventDate "2019.02.20"]
[EventType "swiss"]
[EventRounds "9"]
[EventCountry "RUS"]
[SourceTitle "CBM 189 Extra"]
[Source "ChessBase"]
[SourceDate "2019.05.31"]
[SourceVersion "1"]
[SourceVersionDate "2019.05.31"]
[SourceQuality "1"]

1. e4 c5 2. Nf3 d6 3. d4 cxd4 4. Qxd4 Nf6 5. Bg5 Nc6 6. Bb5 Qa5+ 7. Nc3 Qxb5 8. Nxb5 Nxd4 9. Nfxd4 Kd7 10. f3 a6 11. Nc3 e6 12. O-O Kc7 13. a4 b6 14. Rfd1 Bb7 15. Nb3 Nd7 16. Nd2 Ne5 17. Bh4 h6 18. f4 g5 19. fxg5 Be7 20. Rf1 hxg5 21. Bg3 f6 22. Ne2 Rac8 23. b3 Kd7 24. c4 Rcf8 25. Rad1 Ng4 26. Rf3 f5 27. h3 Ne5 28. Rc3 f4 29. Bf2 f3 30. Nxf3 Nxf3+ 31. Rxf3 Rxf3 32. gxf3 Rxh3 33. Kg2 g4 34. Ng3 Rh8 35. fxg4 Rg8 36. Kh3 Rh8+ 37. Kg2 Rg8 38. Bxb6 Rxg4 39. Kf3 Rg7 40. Bd4 Rf7+ 41. Ke2 1/2-1/2

[Event "Moscow Aeroflot op-B 18th"]
[Site "Moscow"]
[Date "2019.02.25"]
[Round "7"]
[White "Gasanov, Eldar"]
[Black "Samsonkin, Artiom"]
[Result "1-0"]
[WhiteElo "2500"]
[BlackElo "2419"]
[WhiteFideId "-1"]
[WhiteFideId "-1"]
[PlyCount "120"]
[GameId "1360009190207488"]
[EventDate "2019.02.20"]
[EventType "swiss"]
[EventRounds "9"]
[EventCountry "RUS"]
[SourceTitle "CBM 189 Extra"]
[Source "ChessBase"]
[SourceDate "2019.05.31"]
[SourceVersion "1"]
[SourceVersionDate "2019.05.31"]
[SourceQuality "1"]

1. d4 Nf6 2. c4 e6 3. Nc3 Bb4 4. Bg5 c5 5. d5 h6 6. Bh4 d6 7. e3 exd5 8. cxd5 Nbd7 9. Bd3 O-O 10. Nge2 Ne5 11. O-O Ng6 12. Bg3 Nh5 13. Qc2 Nxg3 14. Nxg3 Ne5 15. Bh7+ Kh8 16. Bf5 Bxf5 17. Nxf5 g6 18. Ng3 Qh4 19. Nge4 Bxc3 20. Nxc3 f5 21. Rae1 Rae8 22. f3 a6 23. b3 b5 24. Ne2 Rg8 25. Kh1 Qf6 26. Nf4 Nd7 27. h3 Re5 28. e4 g5 29. Nh5 Qf7 30. f4 Rxe4 31. Ng3 Rxe1 32. Rxe1 gxf4 33. Nxf5 Ne5 34. Nxd6 Qxd5 35. Rxe5 Qxd6 36. Rxc5 Rd8 37. Rc6 Qd1+ 38. Qxd1 Rxd1+ 39. Kh2 Rd2 40. Rxh6+ Kg7 41. Rxa6 f3 42. Kg1 Rxg2+ 43. Kf1 Rb2 44. h4 f2 45. Kg2 b4 46. Kf1 Rc2 47. Kg2 Rb2 48. h5 Rc2 49. Rg6+ Kh7 50. Ra6 Kg7 51. Kf1 Rb2 52. Rg6+ Kh7 53. Rf6 Rxa2 54. Rxf2 Ra3 55. Rf3 Kh6 56. Rh3 Ra2 57. Ke1 Rc2 58. Kd1 Rc8 59. Kd2 Rc7 60. Rh4 Rb7 1-0

[Event "Moscow Aeroflot op-B 18th"]
[Site "Moscow"]
[Date "2019.02.26"]
[Round "8"]
[White "Samsonkin, Artiom"]
[Black "Sankalp, Gupta"]
[Result "1/2-1/2"]
[WhiteElo "2419"]
[BlackElo "2345"]
[WhiteFideId "-1"]
[WhiteFideId "-1"]
[PlyCount "127"]
[GameId "1360009190518784"]
[EventDate "2019.02.20"]
[EventType "swiss"]
[EventRounds "9"]
[EventCountry "RUS"]
[SourceTitle "CBM 189 Extra"]
[Source "ChessBase"]
[SourceDate "2019.05.31"]
[SourceVersion "1"]
[SourceVersionDate "2019.05.31"]
[SourceQuality "1"]

1. e4 e6 2. d4 d5 3. Nc3 Nf6 4. e5 Nfd7 5. f4 c5 6. Nf3 Nc6 7. Be3 Be7 8. Qd2 O-O 9. Be2 b6 10. O-O f5 11. Nd1 cxd4 12. Nxd4 Nxd4 13. Bxd4 Nc5 14. Nf2 Bb7 15. c3 Qc7 16. Kh1 Ne4 17. Qe3 Kh8 18. Rad1 Rad8 19. h3 g5 20. Nxe4 gxf4 21. Qxf4 dxe4 22. Qh6 Qc6 23. Be3 Rg8 24. Rxd8 Bxd8 25. Rd1 Qe8 26. Rd6 Bc8 27. Kh2 Qe7 28. Bf2 Rg6 29. Qf4 Bc7 30. Bh5 Qg5 31. Qxg5 Rxg5 32. Be8 Rg8 33. Bb5 Kg7 34. Bg3 Bxd6 35. exd6 Rd8 36. d7 Bxd7 37. Bh4 Bxb5 38. Bxd8 Bc4 39. b3 Bd3 40. Bc7 Kf6 41. g3 e5 42. Kg2 e3 43. Kf3 e2 44. Kf2 Ke6 45. c4 b5 46. c5 b4 47. Bb8 Kd5 48. c6 Kxc6 49. Bxe5 Bb1 50. a3 bxa3 51. Kxe2 Kb5 52. Kd2 Kb4 53. Kc1 Be4 54. g4 fxg4 55. hxg4 Kxb3 56. g5 a2 57. Bf6 a5 58. Ba1 a4 59. Kd2 a3 60. Ke3 Bg6 61. Kd2 Be8 62. Kd3 Bb5+ 63. Kd2 Ba6 64. Kd1 1/2-1/2

[Event "Moscow Aeroflot op-B 18th"]
[Site "Moscow"]
[Date "2019.02.27"]
[Round "9"]
[White "Tsvetkov, Andrey1"]
[Black "Samsonkin, Artiom"]
[Result "0-1"]
[WhiteElo "2338"]
[BlackElo "2419"]
[WhiteFideId "-1"]
[WhiteFideId "-1"]
[PlyCount "92"]
[GameId "1360009190776832"]
[EventDate "2019.02.20"]
[EventType "swiss"]
[EventRounds "9"]
[EventCountry "RUS"]
[SourceTitle "CBM 189 Extra"]
[Source "ChessBase"]
[SourceDate "2019.05.31"]
[SourceVersion "1"]
[SourceVersionDate "2019.05.31"]
[SourceQuality "1"]

1. d4 Nf6 2. c4 e6 3. Nc3 Bb4 4. e3 O-O 5. Bd3 d5 6. cxd5 exd5 7. Nge2 Bd6 8. O-O Re8 9. Bd2 a5 10. Rc1 c6 11. f3 Na6 12. e4 dxe4 13. fxe4 Bc5 14. Be3 Ng4 15. Qd2 Qd6 16. Rf4 Ba7 17. Bxa6 bxa6 18. Kh1 Nxe3 19. Qxe3 f6 20. Na4 Rb8 21. b3 Rb5 22. Nc5 Bxc5 23. dxc5 Qe5 24. Nd4 Rxc5 25. Nxc6 Rxc1+ 26. Qxc1 Qc7 27. Rf1 Bb7 28. Qc4+ Kh8 29. Rc1 h6 30. Nd4 Qf4 31. Ne2 Qe3 32. Rc3 Qf2 33. Qf7 Rd8 34. h3 Qxe2 35. Rg3 Qd1+ 36. Kh2 Qd7 37. Rxg7 Qxf7 38. Rxf7 Bxe4 39. Rxf6 Rd2 40. Rxh6+ Kg7 41. Re6 Rxg2+ 42. Kh1 Bf3 43. Re3 Bd5 44. Re7+ Kf6 45. Rd7 Rg5+ 46. Kh2 Ke6 0-1

[Event "Guelph Winter ProAm"]
[Site "Guelph CAN"]
[Date "2010.02.06"]
[Round "1"]
[White "Egorov, Mikhail"]
[Black "Samsonkin, Artiom"]
[Result "0-1"]
[WhiteElo "2112"]
[BlackElo "2606"]
[WhiteFideId "-1"]
[WhiteFideId "-1"]
[PlyCount "94"]
[GameId "2160767910028952"]
[EventDate "2010.02.06"]
[EventType "swiss"]
[EventRounds "5"]
[EventCountry "CAN"]
[SourceTitle "EXT 2011"]
[Source "ChessBase"]
[SourceDate "2011.11.26"]
[SourceVersion "1"]
[SourceVersionDate "2011.11.26"]
[SourceQuality "1"]

1. e4 c5 2. Nf3 d6 3. c3 Nf6 4. Be2 Nbd7 5. Qc2 Qc7 6. O-O e6 7. d3 Be7 8. Bf4 O-O 9. h3 a6 10. a4 b6 11. Nbd2 Bb7 12. Nh2 e5 13. Bg3 d5 14. Ng4 Nxg4 15. Bxg4 Bg5 16. Nf3 Bf4 17. Bxd7 Bxg3 18. Bg4 Bf4 19. c4 d4 20. Rab1 h5 21. Bxh5 g6 22. g3 Bh6 23. Bg4 f5 24. exf5 gxf5 25. Bh5 e4 26. Ne1 exd3 27. Qxd3 Be4 28. Qe2 Be3 29. Ng2 Bxb1 30. Rxb1 Bg5 31. Qe6+ Kh8 32. h4 Rf6 33. Qe2 Bh6 34. Re1 Rd8 35. Rd1 f4 36. gxf4 Bxf4 37. f3 Be3+ 38. Nxe3 Qe5 39. Bg4 Re8 40. Rd3 dxe3 41. Kg2 Rd6 42. Rxd6 Qxd6 43. h5 Qd2 44. f4 Rg8 45. Kh3 Qxe2 46. Bxe2 Rg1 47. f5 Re1 0-1